000 00515nam a2200169Ia 4500
999 _c12178
_d12178
003 OSt
005 20201022123254.0
008 190216s9999||||xx |||||||||||||| ||und||
040 _coclc
082 _a954.035092
_bNAT/R
100 _aNath, Amar
_96066
245 0 _aRecollection Of And About Mahatma Gandhi /
_cAmar Nath
260 _bNew Lightes Publishers,
_c1969.
_aNew Delhi:
300 _a160p
650 _aEnglish Literature
942 _cBK
_2ddc
_h954.035092
_iNAT/R
_k954.035092
_mNAT/R